Stray birds fireflies & other poems / (Record no. 146772)

MARC details
000 -LEADER
fixed length control field 00561nam a22001817a 4500
005 - DATE AND TIME OF LATEST TRANSACTION
control field 20171023124545.0
010 ## - LCCN (DPL NO)
LC control number ENG-121030
020 ## - INTERNATIONAL STANDARD BOOK NUMBER
Terms of availability 250.00
International Standard Book Number 8175224827
035 ## - SYSTEM CONTROL NUMBER
System control number EN-104562
037 ## - SOURCE OF ACQUISITION
Source of stock number/acquisition DBAD/PUB
082 ## - DEWEY DECIMAL CLASSIFICATION NUMBER
Classification number 881
100 ## - MAIN ENTRY--PERSONAL NAME
Personal name Tagore, Rabindranath
245 ## - TITLE STATEMENT
Title Stray birds fireflies & other poems /
Statement of responsibility, etc by Rabindranath Tagore
260 ## - PUBLICATION, DISTRIBUTION, ETC. (IMPRINT)
Place of publication, distribution, etc Kolkata
Name of publisher, distributor, etc Kumkum Bhattacharya
Date of publication, distribution, etc 2011
270 ## - ADDRESS
Address 6 Acharya Jagadish Chandra Bose road
City Kolkata
Postal code 700045
300 ## - PHYSICAL DESCRIPTION
Extent Various pagings :
Dimensions 22cm(pbk)
Other physical details ill.
942 ## - ADDED ENTRY ELEMENTS (KOHA)
Source of classification or shelving scheme Dewey Decimal Classification
Item type English Books
Classification part 881
Call number suffix TAG
Holdings
Withdrawn status Lost status Not for loan Collection code Home library Current library Date acquired Source of acquisition Cost, normal purchase price Full call number Barcode Copy number Cost, replacement price Koha item type
    Not For Loan Non-fiction D.B.Act.Division Bawana 23/10/2017 DBAD/PUB 250.00 650.144 FRA EN-104562 1 250.00 English Books

© Delhi Public Library
Hit Counter
free hit counter